| 000 | 00000nam##2200000za#4500 |
| 001 | 9.669968 |
| 003 | CaOODSP |
| 005 | 20220505163029 |
| 007 | ta |
| 008 | 150407|2008||||xxc||||| f|0| 0 fre|d |
| 020 | |a978-0-662-05588-4 |
| 040 | |aCaOODSP|bfre |
| 041 | |aeng |
| 041 | |afre |
| 043 | |an-cn--- |
| 086 | 1 |aHP60-2/2008 |
| 110 | 2 |aAgence de santé publique du Canada. |
| 245 | 10|aAgence de la santé publique du Canada, Laboratoire national de microbiologie, rapport des accomplissements : |bexcellence, innovation, leadership |
| 260 | |aOttawa - Ontario : |bAgence de santé publique du Canada |cc2008. |
| 300 | |aTexte français, 10p. : |bfigures en couleur, graphiques, photographies ; |c28 cm. |
| 520 | 3 |aSouligne les principales réalisations et donne un aperçu de leur orientation future. |
| 563 | |aCouverture souple |
| 590 | |a10-10|b2010-03-12 |
| 691 | 07|aMicrobiologie|2gcpds |
| 776 | 0#|tAgence de la santé publique du Canada, Laboratoire national de microbiologie, rapport des accomplissements : |w(CaOODSP)9.635194 |
| 776 | 0#|tPublic Health Agency of Canada, National Microbiology Laboratory report of accomplishments : |w(CaOODSP)9.690849 |
| 791 | |tPublic Health Agency of Canada, National Microbiology Laboratory report of accomplishments : |eeng|w(CaOODSP)9.669967 |